|
|
|
|
| LEADER |
02176nam a2200529 4500 |
| 001 |
ocn829265956 |
| 003 |
OCoLC |
| 005 |
20170124070337.9 |
| 006 |
m o d |
| 007 |
cr cnu|||unuuu |
| 008 |
130307s2012 enk o 001 0 ger d |
| 040 |
|
|
|a DG1
|b eng
|c DG1
|d OCLCF
|d YDXCP
|d OCLCQ
|d DG1
|d GrThAP
|
| 020 |
|
|
|a 9783527672110
|q (electronic bk.)
|
| 020 |
|
|
|a 3527672117
|q (electronic bk.)
|
| 029 |
1 |
|
|a AU@
|b 000050718502
|
| 029 |
1 |
|
|a GBVCP
|b 790200708
|
| 029 |
1 |
|
|a NZ1
|b 15916230
|
| 035 |
|
|
|a (OCoLC)829265956
|
| 050 |
|
4 |
|a QD31
|
| 082 |
0 |
4 |
|a 577.14
|2 23
|
| 049 |
|
|
|a MAIN
|
| 100 |
1 |
|
|a Klöpffer, Walter,
|d 1938-
|
| 245 |
1 |
0 |
|a Verhalten und Abbau von Umweltchemikalien :
|b Physikalich-chemische Grundlagen /
|c Walter Klöpffer.
|
| 250 |
|
|
|a 2. vollständig überarbeiete Aufl.
|
| 264 |
|
1 |
|b Wiley-VCH Verlag GmbH & Co. KGaA,
|c 2012.
|
| 300 |
|
|
|a 1 online resource
|
| 336 |
|
|
|a text
|b txt
|2 rdacontent
|
| 337 |
|
|
|a computer
|b c
|2 rdamedia
|
| 338 |
|
|
|a online resource
|b cr
|2 rdacarrier
|
| 505 |
0 |
|
|a Front Matter -- Einführung. Einführung -- Transferprozesse und Verteilung. Wasser -- Luft -- Boden -- Abbau- und Transformationsprozesse. Abbau im Wasser -- Abbau in Luft -- Abbau am und im Boden -- Multimedia-Modelle. Einführung, Evaluative Modelle und Einheitswelt -- Multimedia-Boxmodelle -- Modellierung von Persistenz und Ferntransport.
|
| 500 |
|
|
|a Includes index.
|
| 588 |
0 |
|
|a Print version record.
|
| 650 |
|
0 |
|a Chemicals.
|
| 650 |
|
0 |
|a Pollutants.
|
| 650 |
|
0 |
|a Environmental degradation.
|
| 650 |
|
0 |
|a Environmental impact analysis.
|
| 650 |
|
0 |
|a Environmental chemistry.
|
| 650 |
|
0 |
|a Environmental monitoring.
|
| 650 |
|
7 |
|a Chemicals.
|2 fast
|0 (OCoLC)fst00853273
|
| 650 |
|
7 |
|a Environmental chemistry.
|2 fast
|0 (OCoLC)fst00912860
|
| 650 |
|
7 |
|a Environmental degradation.
|2 fast
|0 (OCoLC)fst00912877
|
| 650 |
|
7 |
|a Environmental impact analysis.
|2 fast
|0 (OCoLC)fst00913055
|
| 650 |
|
7 |
|a Environmental monitoring.
|2 fast
|0 (OCoLC)fst00913214
|
| 650 |
|
7 |
|a Pollutants.
|2 fast
|0 (OCoLC)fst01070047
|
| 655 |
|
4 |
|a Electronic books.
|
| 856 |
4 |
0 |
|u https://doi.org/10.1002/9783527672110
|z Full Text via HEAL-Link
|
| 994 |
|
|
|a 92
|b DG1
|